Score 0/20 Timer 03:00
4 Plays Today
% Correct
Canada
99%
Cello
93.8%
Copper
93.4%
Cyprus
88.6%
Cobalt
86.9%
Cameroon
81.8%
Crash
78.1%
Colombia
76.7%
Chicago
72.7%
Cymbal
72.5%
% Correct
Croatia
69.2%
Casablanca
63.4%
Chlorine
60.3%
Clarinet
45.5%
Cadmium
41.5%
Castanet
27.9%
Cavalcade
26.6%
Celesta
24.8%
Copernicium
14.9%
Cimarron
12%

You're not logged in!

Compare scores with friends on all Sporcle quizzes.
OR
Log In

Sporcle TV

Today on Sporcle TV


Watch our educational content, quiz creation guides, and fun videos on Sporcle TV.

Show Comments

Extras

Top Quizzes Today


Score Distribution

Your Account Isn't Verified!

In order to create a playlist on Sporcle, you need to verify the email address you used during registration. Go to your Sporcle Settings to finish the process.

Report this User

Report this user for behavior that violates our Community Guidelines.

Details: